UM Logo

Functional anatomy : (Record no. 18610)

MARC details
000 -LEADER
fixed length control field 00636nam a22001697a 4500
008 - FIXED-LENGTH DATA ELEMENTS--GENERAL INFORMATION
fixed length control field 231214b ||||| |||| 00| 0 eng d
020 ## - INTERNATIONAL STANDARD BOOK NUMBER
International Standard Book Number 9781284234800
082 ## - DEWEY DECIMAL CLASSIFICATION NUMBER
Edition number 2023
Classification number DC 612
Item number C116
100 ## - MAIN ENTRY--PERSONAL NAME
Personal name Cael, Christy J.
9 (RLIN) 50464
245 ## - TITLE STATEMENT
Title Functional anatomy :
Remainder of title musculoskeletal anatomy, kinesiology, and palpation for manual therapists /
Statement of responsibility, etc. Christy J. Cael
250 ## - EDITION STATEMENT
Edition statement Second edition.
260 ## - PUBLICATION, DISTRIBUTION, ETC. (IMPRINT)
Place of publication, distribution, etc. Burlington, MA :
Name of publisher, distributor, etc. Jones & Bartlett Learning, LLC,
Date of publication, distribution, etc. ©2023.
300 ## - PHYSICAL DESCRIPTION
Extent xvi, 447 pages :
Other physical details color illustrations ;
Dimensions 28 cm.
500 ## - GENERAL NOTE
General note Includes references, glossary, and index.
650 ## - SUBJECT ADDED ENTRY--TOPICAL TERM
Topical term or geographic name as entry element Human anatomy.
9 (RLIN) 50649
942 ## - ADDED ENTRY ELEMENTS (KOHA)
Source of classification or shelving scheme Dewey Decimal Classification
Koha item type Circulation
Holdings
Withdrawn status Lost status Source of classification or shelving scheme Damaged status Not for loan Collection code Home library Current library Date acquired Source of acquisition Cost, normal purchase price Total Checkouts Full call number Barcode Date last seen Price effective from Koha item type
    Dewey Decimal Classification     Circulation UM Digos College - LIC UM Digos College - LIC 08/08/2023 Purchased 7101.00   DC 612 C116 2023 27695 05/15/2025 12/14/2023 Circulation